| 000 | 00729 a2200193 4500 | ||
|---|---|---|---|
| 020 | _a0691092907 | ||
| 020 | _a9780691092904 | ||
| 082 | 0 | 4 | _a577.88015118 |
| 090 |
_c864 _d864 |
||
| 100 | 1 | _aThieme, Horst R. | |
| 245 | 1 | 0 |
_aMathematics in population biology / _cHorst R. Thieme. |
| 260 |
_a[S.l.] : _bPrinceton University Press, _c2003. |
||
| 300 |
_a568 p. ; _c24 cm. |
||
| 490 | 1 | _aPrinceton series in theoretical and computational biology. | |
| 700 | _aThieme, Horst R. | ||
| 830 | 0 | _aPrinceton series in theoretical and computational biology. | |
| 942 |
_aSNS _cBK _k577.88015118 THI |
||
| 999 |
_c29487 _d29487 |
||